000 00765nam a2200241Ia 4500
003 GCL
008 140319s9999 xx 000 0 ara d
040 _aGCL /
_cGCL
082 0 4 _a365.43
_bع س
100 1 _aعبدالله عبدالغنى غانم
245 1 0 _aسجن النساء (دراسة انثروبولوجية) /
_cعبدالله عبدالغنى غانم
260 _a[S.N] :
_bالمكتب الجامعى الحديث ،
_c1988
300 _a294
490 _a
650 0 4 _aالسجون
650 0 4 _aالخدمة الاجتماعية
650 0 4 _aالاجتماع
650 0 4 _aالعقوبات
650 0 4 _aالاصلاحيات
650 0 4 _aالمسجونون
650 0 4 _aالعقوبات التاديبية
942 _2ddc
_cBK
999 _c55365
_d55365